[Event "33rd Cannes Open 2019"]
[Site "Cannes"]
[Date "2019.02.18"]
[Round "1.1"]
[White "Gharamian, Tigran"]
[Black "Daeschler, Florian"]
[Result "1-0"]
[WhiteElo "2627"]
[BlackElo "2276"]
[Annotator "TA"]
[PlyCount "57"]
[EventDate "2019.02.18"]
[EventType "swiss"]
[EventCountry "FRA"]
[SourceTitle "playchess.com"]
[Source "ChessBase"]
[SourceQuality "1"]

{[%evp 22,57,-6,-10,-12,-48,0,0,35,43,27,0,59,49,108,107,153,154,152,102,223,226,260,228,260,256,240,245,245,248,248,247,265,256,328,331,336,315]} 1. e4 e5 2. Nf3 Nc6 3. Bb5 a6 4. Bxc6 dxc6 5. O-O Bg4 6. h3 h5 7. d3 Qf6 8. Be3 Bxf3 9. Qxf3 Qxf3 10. gxf3 Bd6 11. Nd2 Ne7 12. Nc4 Ng6 {C68: Ruy Lopez: Exchange Variation, sidelines} 13. Rfb1 (13. Rfd1 f6 14. Kf1 c5 15. a4 a5 16. Ke2 Nf8 17. f4 exf4 18. Nxd6+ cxd6 19. Bxf4 Kd7 20. Be3 {½-½ (41) Socko,B (2600)-Piorun,K (2681) Katowice 2016}) 13... f5 14. Kf1 O-O {The position is equal.} 15. Ke2 fxe4 16. dxe4 $146 ({Predecessor:} 16. fxe4 b5 17. Rg1 Nf4+ 18. Bxf4 Rxf4 19. Ne3 Bc5 20. Rg2 Raf8 {1-0 (47) Howell,D (2334)-Ashton,A (2270) West Bromwich 2004}) 16... Rf6 ({Better is} 16... Nf4+ $11 17. Bxf4 Rxf4) 17. Rg1 $14 Raf8 ({Black should play} 17... Nf4+ $14 18. Bxf4 exf4) 18. Rg5 $16 Nf4+ 19. Bxf4 $1 Rxf4 20. Rag1 R8f7 {[#]} (20... Rxf3 $16 21. Rxg7+ Kh8) 21. Ne3 $1 $18 ({And not} 21. Nxe5 Bxe5 22. Rxe5 Rxf3 $15) 21... R4f6 22. Rxh5 g6 23. Rh6 Rh7 24. Rgxg6+ Rxg6 25. Rxg6+ Kf7 26. Rg3 Be7 27. Nf5 {White has a decisive advantage.} Bf6 28. h4 Rh8 29. Rg4 {Accuracy: White = 85%, Black = 21%.} 1-0

[Event "33rd Cannes Open 2019"]
[Site "Cannes"]
[Date "2019.02.18"]
[Round "1.2"]
[White "Bacrot, Alexandre"]
[Black "Gupta, Abhijeet"]
[Result "0-1"]
[WhiteElo "2275"]
[BlackElo "2587"]
[Annotator "TA"]
[PlyCount "74"]
[EventDate "2019.02.18"]
[EventType "swiss"]
[EventCountry "FRA"]
[SourceTitle "playchess.com"]
[Source "ChessBase"]
[SourceQuality "1"]

{[%evp 9,74,26,21,18,31,4,8,-12,12,4,17,-24,-38,-33,-25,-25,-36,-20,-20,-20,-12,-20,-25,-25,-21,-45,-56,-56,-18,-19,-18,-61,-57,-52,-44,-38,-43,-75,-22,-22,0,-36,-29,-28,-11,-27,-27,-33,-27,-39,-55,-86,-28,-27,-28,-94,-88,-137,-122,-127,-124,-112,-120,-109,-112,-261,-267]} 1. d4 Nf6 2. Nf3 g6 3. Nbd2 d5 4. b4 Bg7 5. e3 O-O 6. Bb2 {D02: 1 d4 d5 2 Nf3 sidelines, including 2...Nf6 3 g3 and 2...Nf6 3 Bf4} c6 7. Bd3 (7. c4 Nbd7 8. a4 Ne4 9. cxd5 Nxd2 10. Qxd2 cxd5 11. Bd3 Nf6 12. O-O Ne4 13. Qe2 Nd6 14. Rfc1 Bf5 15. Bxf5 gxf5 {1-0 (47) Sargissian,G (2689)-Kovalev,V (2683) St Petersburg 2018}) 7... a5 $146 ({Predecessor:} 7... Nbd7 8. c4 a5 9. a3 axb4 10. axb4 Rxa1 11. Qxa1 dxc4 12. Nxc4 {0-1 (34) Milin,D (2066)-Djuric,S (2404) Belgrade 2016}) 8. a3 {The position is equal.} Na6 9. O-O Bg4 10. b5 cxb5 11. Bxb5 Qb6 12. a4 Nc7 13. c4 dxc4 14. Nxc4 Qe6 15. Nce5 Nxb5 16. axb5 Rfc8 17. Nxg4 Qxg4 18. Qb3 Qf5 19. Ne5 Ne4 {White must now prevent ...Bxe5.} 20. Nc4 {[#]} Rxc4 $1 {[%mdl 576] Remove Defender, Decoy} 21. Qxc4 Nd2 $1 {[%csl LRc4,LRf1][%mdl 64] Double Attack} 22. Qa4 {Rfc1 is the strong threat.} Nxf1 23. Rxf1 Qd3 ({Black should try} 23... Bf8 $17) 24. Ba3 $11 e5 25. Bc5 exd4 26. exd4 Qc3 27. h3 Bf8 28. Bxf8 Rxf8 {[%mdl 4096] Endgame KQR-KQR} 29. b6 Rd8 30. Rd1 Qb4 (30... Rd5 $17) 31. Qxb4 axb4 {KR-KR} 32. Kf1 (32. d5 $11) 32... Rd6 $17 33. Rd3 Kf8 34. Ke2 Ke7 ({Don't take} 34... Rxb6 35. Rb3 $15) 35. Re3+ Kd7 36. Kd3 Rxb6 37. Kc4 {[#]} (37. Kc2 $17) 37... b3 $1 {Accuracy: White = 30%, Black = 65%.} 0-1

[Event "33rd Cannes Open 2019"]
[Site "Cannes"]
[Date "2019.02.18"]
[Round "1.3"]
[White "Solodovnichenko, Yuri"]
[Black "Samant Aditya S"]
[Result "1/2-1/2"]
[WhiteElo "2574"]
[BlackElo "2275"]
[Annotator "TA"]
[PlyCount "79"]
[EventDate "2019.02.18"]
[EventType "swiss"]
[EventCountry "FRA"]
[SourceTitle "playchess.com"]
[Source "ChessBase"]
[SourceQuality "1"]

{[%evp 27,79,22,38,29,32,31,35,37,35,29,34,33,96,64,258,-199,-187,-198,-193,-194,-163,-201,-102,-102,-100,-117,-95,-102,-100,-97,-81,-94,-76,-75,-79,-64,-58,-112,-108,-111,-86,-110,-81,-89,-33,-33,-33,-42,-33,-35,-31,-37,-30,-25]} 1. e4 c5 2. Nf3 d6 3. d4 cxd4 4. Nxd4 Nf6 5. Nc3 Nc6 6. Bg5 e6 7. Qd2 a6 8. O-O-O Bd7 9. f3 Be7 10. Be3 {B67: Sicilian: Richter-Rauzer: 7...a6 8 0-0-0 Bd7, lines without 9 f4 Be7} h5 (10... Rc8 11. Nxc6 Bxc6 12. Kb1 O-O 13. g4 Nd7 14. g5 b5 15. a3 Qc7 16. h4 Bb7 17. h5 Ne5 {½-½ (138) Jakovenko,D (2735)-Alekseenko,K (2638) St Petersburg 2018}) 11. Kb1 Qc7 12. Nxc6 Bxc6 13. Ne2 b5 14. Nd4 Bd7 {LiveBook: 8 Games} 15. Bd3 e5 16. Nf5 Bxf5 $1 17. exf5 d5 18. Rhe1 $146 O-O 19. g4 hxg4 ({Black should play} 19... e4 $14 20. Bf4 Qc5 21. fxe4 dxe4 22. Bxe4 Rad8) 20. fxg4 $16 Nxg4 $2 (20... d4 $14 21. Bg5 Nd5) 21. Qg2 $4 {[%mdl 8192]} (21. Rg1 $18 {is the narrow road to win.} e4 22. Rxg4) 21... Nxe3 $19 22. Rxe3 {[#] Threatens to win with Rg1.} e4 $1 {[%cal Re4d3]} 23. Be2 Qe5 24. Qg3 Qxg3 (24... Qxf5 $19 {White must now prevent ...Qe6.} 25. Bg4 Qg5) 25. hxg3 $17 Rfd8 26. Rc3 d4 27. Rc6 Rd5 28. g4 Bg5 29. Bf1 Rad8 30. Rxa6 {[#]} d3 $1 {[%cal Rd3c2]} 31. cxd3 exd3 {[%cal Be4d3,Bd3d2][%mdl 32] Strongly threatening ...d2.} 32. Ra3 ({White should try} 32. a4 $1 $15) 32... d2 33. Kc2 b4 34. Rd3 Rc8+ 35. Kb3 Rc1 (35... Re5 $17 36. R1xd2 Bxd2 37. Rxd2 Re4) 36. Rxd5 $15 Rxd1 37. Bd3 $1 Rg1 38. Bc2 Rxg4 39. Bd1 Rg1 40. Kc2 {Precision: White = 66%, Black = 38%.} 1/2-1/2

[Event "33rd Cannes Open 2019"]
[Site "Cannes"]
[Date "2019.02.18"]
[Round "1.4"]
[White "Maurizzi, Marc Andria"]
[Black "Maiorov, Nikita"]
[Result "0-1"]
[WhiteElo "2268"]
[BlackElo "2523"]
[Annotator "TA"]
[PlyCount "128"]
[EventDate "2019.02.18"]
[EventType "swiss"]
[EventCountry "FRA"]
[SourceTitle "playchess.com"]
[Source "ChessBase"]
[SourceQuality "1"]

{[%evp 16,128,33,10,9,3,27,0,18,17,33,17,11,14,21,22,28,18,24,0,0,-1,0,0,0,8,25,18,45,43,47,21,27,29,20,7,7,7,7,7,13,6,6,8,7,6,12,4,13,11,19,12,17,10,9,5,8,6,10,0,0,0,0,0,0,0,0,-8,0,-4,0,0,2,2,2,2,3,-20,-16,-12,-17,-32,-9,-57,-49,-287,-240,-270,-270,-268,-259,-370,-360,-602,-547,-430,-517,-1203,-1122,-1225,-1109,-916,-393,-29976,-29979,-29979,-29980,-29980,-29981,-29981,-29982,-29982,-29983,-29983,-29984]} 1. e4 e5 2. Nf3 Nc6 3. Bc4 Bc5 4. O-O Nf6 5. d3 d6 6. c3 a6 7. a4 {C54: Giuoco Piano: 4 c3 Nf6, main lines with 5 d4 and 5 d3} Ba7 (7... O-O 8. Re1 a5 9. h3 h6 10. Nbd2 Be6 11. Bb5 Na7 12. d4 Nxb5 13. axb5 exd4 14. Nxd4 Re8 15. Nf1 Bc4 16. Ng3 d5 17. e5 Ne4 18. Nxe4 dxe4 19. Rxe4 Qd5 20. Qf3 Bxd4 21. cxd4 Re6 22. Rf4 {½-½ (22) Giri,A (2783)-Anand,V (2773) Wijk aan Zee 2019}) 8. Nbd2 {[%cal Bb1d2,Bd2f1,Bf1e3,Be3d5][%mdl 32]} O-O 9. h3 {LiveBook: 70 Games. White is slightly better.} Bd7 10. Re1 h6 11. Bb3 Re8 12. Nf1 Qc8 $146 ({Predecessor:} 12... b5 13. Be3 Bxe3 14. Nxe3 Na5 15. Bc2 b4 16. cxb4 Nc6 17. Bb3 Rb8 {½-½ (28) Kulakiewicz,M (2158)-Gnilka,T (2292) ICCF email 2016}) 13. Be3 Bxe3 14. Nxe3 Ne7 15. Nh2 Ng6 16. Nhg4 {[#] Black must now prevent Nxf6+.} Nh7 17. d4 Ng5 18. Nd5 Qd8 19. dxe5 Bxg4 20. Qxg4 {Strongly threatening f4.} Nxe5 21. Qg3 {Hoping for f4.} Nd7 22. Bc2 Nf6 {[%cal Rf6e4]} 23. Nxf6+ Qxf6 24. Re3 Ne6 25. e5 dxe5 $1 26. Qxe5 Qxe5 27. Rxe5 Rad8 28. Rae1 Rd2 29. R1e2 Red8 30. g3 Kf8 31. h4 R8d6 32. Kf1 Rxe2 33. Kxe2 $11 {[%mdl 4096] Endgame KRB-KRN} Ke7 34. Re3 a5 35. b3 g6 36. Bd3 Kf8 37. Bc4 Nc5 38. Re5 b6 39. Re3 c6 40. Rf3 Rd7 41. Re3 Rb7 42. Re5 Nd7 43. Re3 b5 44. axb5 cxb5 45. Bd5 Rc7 46. Be4 a4 47. bxa4 $1 bxa4 48. Bd5 Nf6 49. Ba2 Rb7 50. Rd3 $2 (50. Rf3 $15) 50... Rb2+ $19 51. Rd2 Rxd2+ 52. Kxd2 {KB-KN} Ne4+ 53. Kd3 (53. Kc2 $142) 53... Nxf2+ 54. Kc4 $2 (54. Ke3 Ng4+ 55. Kd2) 54... f5 55. Kb4 Ne4 56. Bd5 (56. Bb1 $142 Nxg3 57. Bd3) 56... Nxg3 57. Kxa4 Ke7 58. Kb5 Ne2 (58... g5 $142 59. hxg5 hxg5) 59. c4 $2 (59. Kc4 $19 g5 60. hxg5 hxg5 61. Bf3) 59... Nc3+ {Black mates.} 60. Kc6 Nxd5 61. cxd5 {[#]} Kd8 $1 62. Kc5 Kd7 63. Kc4 Kd6 64. Kd4 g5 {Precision: White = 51%, Black = 63%.} 0-1

[Event "33rd Cannes Open 2019"]
[Site "Cannes"]
[Date "2019.02.18"]
[Round "1.5"]
[White "Basso, Pier Luigi"]
[Black "Fruchard, Cyrille"]
[Result "1-0"]
[WhiteElo "2512"]
[BlackElo "2259"]
[Annotator "TA"]
[PlyCount "81"]
[EventDate "2019.02.18"]
[EventType "swiss"]
[EventCountry "FRA"]
[SourceTitle "playchess.com"]
[Source "ChessBase"]
[SourceQuality "1"]

{[%evp 24,81,40,43,50,57,52,31,25,15,43,12,16,0,92,108,93,30,108,111,122,110,135,125,127,97,107,109,89,56,125,127,120,136,192,189,187,183,186,192,172,145,193,184,336,218,479,492,581,443,452,490,848,815,29984,29984,29981,29982,29988,4917]} 1. d4 Nf6 2. c4 g6 3. Nc3 Bg7 4. e4 d6 5. f3 O-O 6. Nge2 c5 7. Be3 Nc6 8. d5 Ne5 9. Ng3 h5 10. Be2 e6 11. O-O exd5 12. cxd5 a6 13. a4 Re8 {A65: Modern Benoni: 6 e4} 14. h3 (14. Qd2 Nh7 15. Rf2 Rb8 16. Nf1 Bd7 17. h3 b5 18. axb5 Bxb5 19. Nxb5 axb5 20. Ra6 Nf6 21. b3 {1-0 (63) Morozevich,A (2748)-Kamsky,G (2762) Beijing 2012}) 14... Ned7 15. Qd2 h4 $146 {White is slightly better.} ({Predecessor:} 15... Qe7 16. Rab1 Nh7 17. Rfe1 b6 18. Bf1 h4 19. Nh1 g5 20. Nf2 Ne5 21. b4 {½-½ (67) Adler,J (2258)-Elis,V (2220) Baden 2015}) 16. Nh1 Nh5 17. Rae1 f5 18. f4 Ng3 ({Much weaker is} 18... fxe4 $6 19. f5 $14) (18... b5 $11) 19. Nxg3 $16 hxg3 20. Rf3 ({Better is} 20. e5 $16) 20... fxe4 (20... Qh4 $11 {remains equal.}) 21. Rxg3 Nf8 22. Bg4 Qf6 23. Bxc8 Raxc8 24. Bf2 e3 25. Bxe3 Rc7 26. Bf2 Rce7 (26... Rxe1+ $14 27. Bxe1 Qd4+ 28. Kh2 Rf7) 27. Rxe7 Rxe7 28. Rf3 b5 (28... Nd7 $16 {was necessary.} 29. a5 Kh7) 29. axb5 $18 axb5 30. Nxb5 Re4 31. Nc3 Rb4 32. g3 Nd7 33. Qe2 Nb6 $2 {[#]} (33... Qf7 34. Qe6 Qxe6 35. dxe6 Nf6) 34. Qe8+ Qf8 $2 (34... Bf8 {was worth a try.} 35. Ne4 Qf7) 35. Qxg6 Qf6 36. Qe8+ Qf8 37. Qe6+ Kh8 (37... Qf7 $142 38. Qxd6 Nd7) 38. f5 Rxb2 39. f6 {White mates.} Bh6 40. f7 Kh7 41. Ne4 {Accuracy: White = 61%, Black = 28%.} (41. Rf6 $142 Rxf2 42. Qe4+ Kg7 43. Rg6+ Kh8 44. Rxh6+ {[%mdl 64] Deflection, Promotion} Qxh6 45. Qe8+ Kg7 46. Qg8+ Kf6 47. f8=Q+ Qxf8 48. Qxf8+ Kg6 49. Kxf2) 1-0

[Event "33rd Cannes Open 2019"]
[Site "Cannes"]
[Date "2019.02.18"]
[Round "1.6"]
[White "Trabet, Nicolas"]
[Black "Nasuta, Grzegorz"]
[Result "0-1"]
[WhiteElo "2259"]
[BlackElo "2504"]
[Annotator "TA"]
[PlyCount "54"]
[EventDate "2019.02.18"]
[EventType "swiss"]
[EventCountry "FRA"]
[SourceTitle "playchess.com"]
[Source "ChessBase"]
[SourceQuality "1"]

{[%evp 19,54,11,19,0,0,-4,-3,-28,-25,-25,-24,-46,-46,-46,-46,-49,-46,-34,-34,-87,-91,-89,-82,-97,-76,-76,-63,-97,-91,-292,-289,-292,-285,-285,-294,-744,-744]} 1. c4 e5 2. Nc3 Nf6 3. g3 d5 4. cxd5 Nxd5 5. Bg2 Nb6 6. Nf3 Nc6 7. Rb1 {A29: English Opening: Four Knights Variation with 4 g3} (7. O-O Be7 8. a3 O-O 9. d3 Be6 10. Be3 f5 11. Rc1 Kh8 12. b4 a6 13. Re1 Rb8 14. Bxb6 cxb6 15. e3 Bf6 16. d4 exd4 17. exd4 Bg8 18. Ne2 Qd6 19. Qd3 g6 {½-½ (35) Ding,L (2816)-Giri,A (2780) Shenzhen 2018}) 7... a5 8. d3 Be7 9. Be3 O-O 10. O-O Re8 {LiveBook: 8 Games} 11. Na4 $146 ({Predecessor:} 11. Rc1 Bf8 12. Na4 Nxa4 13. Qxa4 Bd7 14. Qc4 h6 15. Bc5 Bd6 16. a3 a4 17. Nd2 Bxc5 18. Qxc5 {1-0 (45) Pruijssers,R (2536)-Nitin,S (2422) Chennai 2018}) 11... Nd5 12. Bc5 Bf6 13. Nd2 b6 14. Nc3 Be6 15. Qa4 Ncb4 $36 {[%cal Bc6b4,Bb4d5,Bd5c7,Bc7b5,Bb5d6][%mdl 2080] White is under pressure.} 16. Nxd5 Nxd5 17. Ba3 c5 18. Ne4 Rb8 {Hoping for ...b5.} 19. Qc6 (19. Nxf6+ $15 Qxf6 20. Rfc1) 19... Be7 $17 20. Rbc1 Nc7 21. Nd2 Bg5 22. e3 Bg4 ({But not} 22... Qxd3 $6 23. Rfd1 $14) 23. Nf3 Bf6 24. b3 $2 (24. Rfd1 $17) 24... Bd7 $19 25. Qe4 {[#]} Nb5 $1 {[%cal Rb5d6] Strongly threatening ...Nd6.} 26. Bxc5 bxc5 27. Rxc5 $2 (27. Nd2) 27... Nd6 {Precision: White = 38%, Black = 82%.} 0-1

[Event "33rd Cannes Open 2019"]
[Site "Cannes"]
[Date "2019.02.18"]
[Round "1.7"]
[White "Krzyzanowski, Marcin"]
[Black "Rabineau, Clement"]
[Result "1-0"]
[WhiteElo "2504"]
[BlackElo "2256"]
[Annotator "TA"]
[PlyCount "91"]
[EventDate "2019.02.18"]
[EventType "swiss"]
[EventCountry "FRA"]
[SourceTitle "playchess.com"]
[Source "ChessBase"]
[SourceQuality "1"]

{[%evp 10,91,32,31,37,34,31,35,37,8,16,16,18,15,36,35,47,47,79,68,98,52,42,44,52,40,40,29,54,55,54,44,50,36,45,38,43,39,37,42,102,105,159,73,75,88,120,79,84,86,77,68,118,142,136,104,198,190,248,231,488,476,493,472,662,463,614,0,706,661,755,745,680,687,673,677,1470,1441,1662,1528,1821,1517,2006,1799]} 1. e4 e5 2. Nf3 Nf6 3. Nxe5 d6 4. Nf3 Nxe4 5. Nc3 Nf6 6. d4 d5 {C42: Petroff Defence: 3 Nxe5 and unusual White 3rd moves} (6... Be7 7. Bd3 O-O 8. O-O Nc6 9. Re1 Nb4 10. Bc4 d5 11. Bb3 c6 12. Ne2 Ne4 13. c3 Na6 14. Ng3 Nd6 15. Bc2 Nc7 {½-½ (33) Giri,A (2780)-Yu,Y (2764) Shenzhen 2018}) 7. Bd3 Be7 8. Bf4 O-O {White is slightly better.} 9. Ne5 $146 ({Predecessor:} 9. Qd2 b6 10. Ne5 c5 11. O-O-O Bb7 12. Rhe1 cxd4 13. Nb5 Bc5 14. Bg5 {1-0 (46) Rodriguez Vila,A (2479)-Lima,D (2529) Sao Paulo 2005}) 9... Be6 10. O-O Nbd7 11. Ne2 Ne4 12. c4 c6 13. Qc2 f5 14. f3 {Strongly threatening cxd5.} g5 15. fxe4 dxe4 16. Bxe4 fxe4 17. Bg3 Nxe5 18. Bxe5 Bf6 19. Bxf6 Rxf6 20. Qc3 Bf7 $1 21. b3 Bg6 22. Qe3 Rxf1+ 23. Rxf1 Qe7 24. Nc3 b6 ({Black should try} 24... Rc8 $14) 25. d5 $16 Rc8 {[#]} (25... cxd5 $142 26. Nxd5 Qe5) 26. dxc6 (26. Qh3 $142 $1 {[%cal Rh3c8]} Rf8 27. Rxf8+ Qxf8 28. Qe6+ {[%mdl 64] Double Attack} (28. dxc6 Qc5+ {[%mdl 64] Double Attack} 29. Kf1 Qxc6 $14) 28... Bf7 29. Qxe4 (29. Qxc6 Qa3 $16) 29... Qc5+ 30. Kf1) 26... Rxc6 27. Nd5 $36 {[%mdl 2048] White is on the roll.} Qc5 28. Qxc5 Rxc5 {[%mdl 4096] Endgame KRB-KRN} 29. a4 Kg7 30. Kf2 Rc8 31. Ke3 Rd8 32. Kd4 e3 (32... Re8 $16 {was worth a try.}) 33. Re1 $18 ({Don't take} 33. Kxe3 $6 Re8+ 34. Kd2 Re4 $16) 33... Bc2 (33... Re8 $142) 34. Rxe3 Rd6 $2 {[#]} (34... Kf8 {keeps fighting.} 35. Kc3 Bb1) 35. Kc3 Bf5 36. Re7+ Kh6 (36... Kf8 $142 37. Rxa7 Be4) 37. Kd4 Bc2 38. Kc3 $2 (38. b4 $18) 38... Bb1 $2 {[%mdl 8192]} (38... Bf5 $11 39. Rxa7 Be6) 39. b4 {White is clearly winning.} a6 40. Kd4 Bc2 41. Rb7 Bxa4 42. Rxb6 Rxb6 43. Nxb6 Bc6 44. Nd5 Kh5 45. Kc5 Ba4 46. Kd6 {Accuracy: White = 67%, Black = 27%.} 1-0

[Event "33rd Cannes Open 2019"]
[Site "Cannes"]
[Date "2019.02.18"]
[Round "1.8"]
[White "Midoux, Sebastien"]
[Black "Ghasi, Ameet K"]
[Result "0-1"]
[WhiteElo "2234"]
[BlackElo "2503"]
[Annotator "TA"]
[PlyCount "82"]
[EventDate "2019.02.18"]
[EventType "swiss"]
[EventCountry "FRA"]
[SourceTitle "playchess.com"]
[Source "ChessBase"]
[SourceQuality "1"]

{[%evp 15,82,46,54,47,61,22,34,30,43,40,42,31,42,37,81,28,81,39,39,31,30,29,60,66,88,86,166,149,178,181,196,104,164,127,172,57,46,76,60,76,79,70,72,37,56,9,0,-83,-96,-103,-98,-126,-118,-162,-127,-127,-103,-110,-112,-105,-111,-620,-628,-616,-605,-700,-682,-667,-658]} 1. e4 d6 2. d4 Nf6 3. Bd3 e5 4. c3 g6 5. h3 Bg7 6. Nf3 O-O 7. O-O Nc6 8. Re1 Nh5 {[%cal Re5d4]} 9. Bb5 {B07: Pirc Defence: Miscellaneous Systems} (9. Be3 h6 10. Nbd2 Qf6 11. Bf1 Nf4 12. Kh2 g5 13. g3 Ng6 14. Bg2 g4 15. hxg4 Bxg4 16. Qb3 Rab8 17. Kg1 {1-0 (40) Oparin,G (2613)-Guseinov,G (2664) St Petersburg 2018}) 9... Bd7 10. d5 Nb8 $146 ({Predecessor:} 10... Ne7 11. Bxd7 Qxd7 12. c4 h6 13. Nc3 Nf4 14. Bxf4 exf4 15. Qd2 g5 16. Ne2 Ng6 {1-0 (35) Drexel,M (2200)-Blodig,R (2235) Fuerth 1999}) 11. Bxd7 {White is slightly better.} Nxd7 12. c4 a5 13. Nc3 Nc5 14. Be3 Nf4 15. Qc2 (15. Bxc5 $16 {aiming for Be3.} dxc5 16. h4) 15... Qd7 (15... Nfd3 $11) 16. Rad1 b6 17. Bxf4 exf4 18. Qd2 a4 19. e5 dxe5 20. Nxe5 Qf5 (20... Bxe5 $16 {was called for.} 21. Rxe5 f6) 21. Nc6 $18 Kh8 22. Nb5 Na6 23. Qe2 ({White should try} 23. b4 $18) 23... Bf6 (23... f3 $16 24. Qxf3 Qxf3 25. gxf3 Bxb2) 24. Ncd4 Qd7 25. Qg4 (25. Qf3 $18) 25... Qxg4 $14 26. hxg4 Rfe8 27. Kf1 Kg7 28. b3 Rh8 29. Nf3 h6 30. Re4 g5 31. Nbd4 (31. Ree1 $11 {remains equal.}) 31... axb3 32. axb3 {[#]} h5 $1 {[%cal Rh5g4]} 33. Ne5 Nc5 34. Nf5+ Kf8 35. Ree1 hxg4 36. Kg1 Bxe5 $1 37. Rxe5 Nxb3 38. Re7 $2 {[%mdl 8192] [#]} (38. Rde1 $17) 38... Nd4 $1 $19 {[%mdl 512] Black is clearly winning.} 39. Re5 (39. Rxd4 Ra1+) 39... f6 40. Re6 Nxe6 ({Weaker is} 40... Nxf5 41. Rxf6+ Kg7 42. Rxf5 $17) 41. dxe6 Rh7 {Accuracy: White = 24%, Black = 54%.} 0-1

[Event "33rd Cannes Open 2019"]
[Site "Cannes"]
[Date "2019.02.19"]
[Round "2.1"]
[White "Lamard, Guillaume"]
[Black "Gharamian, Tigran"]
[Result "1/2-1/2"]
[WhiteElo "2389"]
[BlackElo "2627"]
[Annotator "TA"]
[PlyCount "99"]
[EventDate "2019.02.18"]
[EventType "swiss"]
[EventCountry "FRA"]
[SourceTitle "playchess.com"]
[Source "ChessBase"]
[SourceQuality "1"]

{[%evp 15,99,0,0,-4,-6,-14,3,-10,-10,-3,-14,-10,0,-4,13,-22,-17,-22,-12,-15,-21,-16,-19,-35,-2,-17,0,0,0,0,0,-7,-7,-6,-5,-7,51,46,66,68,101,95,93,98,97,99,91,90,106,89,126,104,123,107,105,92,93,95,99,94,109,50,50,50,50,50,50,50,70,0,0,0,0,0,0,0,0,0,0,0,0,0,0,0,0,0]} 1. d4 Nf6 2. Bf4 d5 3. e3 e6 4. c3 c5 5. Nd2 Bd6 6. Bg3 O-O 7. Ngf3 Qc7 8. Bd3 Nbd7 9. O-O {D02: 1 d4 d5 2 Nf3 sidelines, including 2...Nf6 3 g3 and 2...Nf6 3 Bf4} (9. Qc2 e5 10. dxe5 Nxe5 11. Nxe5 Bxe5 12. Nf3 Bxg3 13. hxg3 h6 14. c4 Be6 15. O-O Rfd8 16. Rac1 Rac8 17. cxd5 Nxd5 {½-½ (36) Vachier Lagrave,M (2779)-Dominguez Perez,L (2739) chess.com INT 2018}) 9... Bxg3 10. hxg3 e5 11. dxe5 Nxe5 12. Nxe5 Qxe5 13. Re1 Be6 $146 ({Predecessor:} 13... Rd8 14. Qa4 c4 15. Be2 Bf5 16. Rad1 Qc7 {1-0 (63) Appel,R (2512)-Sebag,M (2491) Vlissingen 2007}) 14. e4 Rad8 {[#] White must now prevent ...dxe4.} 15. f4 Qh5 {aiming for ...Ng4.} 16. Qxh5 Nxh5 17. Nf1 dxe4 18. Bxe4 Nf6 19. Bf3 Rd6 20. Rad1 Rfd8 21. Rxd6 Rxd6 22. g4 h6 23. g5 hxg5 24. fxg5 Nh7 25. g6 Ng5 ({Black should try} 25... Nf6 $11) 26. Bxb7 $14 fxg6 27. Re5 Nf7 28. Rxc5 Rb6 29. Bc8 Bxa2 30. b4 Nd6 31. Bg4 Ra6 32. Nd2 Bf7 33. Bf3 Be6 34. Ne4 Nxe4 35. Bxe4 $16 {[%mdl 4096] Endgame KRB-KRB} Kf7 36. Kf2 Kf6 37. Ke3 Ra2 38. Ra5 (38. Kf4 $16) 38... Rxa5 $14 39. bxa5 {KB-KB} Ke5 40. Bxg6 Kd5 $1 41. Bd3 Kc5 42. a6 (42. g3 $14) 42... Bd7 $11 {The position is equal.} 43. Kf4 Bb5 44. Bxb5 Kxb5 45. Ke5 Kxa6 {KPP-KPP} 46. Kd6 Kb5 {[#] And now ...Kc4 would win.} 47. Kd5 {Hoping for c4+.} a5 {Black wants to play ...a4.} 48. c4+ Kb6 $1 49. Kd6 Kb7 50. Kd7 {Accuracy: White = 75%, Black = 61%.} 1/2-1/2

[Event "33rd Cannes Open 2019"]
[Site "Cannes"]
[Date "2019.02.19"]
[Round "2.2"]
[White "Gupta, Abhijeet"]
[Black "Di Benedetto, Edoardo"]
[Result "1-0"]
[WhiteElo "2587"]
[BlackElo "2382"]
[Annotator "ChessBase"]
[PlyCount "53"]
[EventDate "2019.02.18"]
[EventType "swiss"]
[EventCountry "FRA"]
[SourceTitle "playchess.com"]
[Source "ChessBase"]
[SourceQuality "1"]
[TimeControl "40/5400+30:1800+30"]

1. d4 {[%emt 0:00:00]} d5 {[%emt 0:00:00]} 2. c4 {[%emt 0:00:00]} e6 {[%emt 0:00:00]} 3. Nc3 {[%emt 0:00:00]} Nf6 {[%emt 0:00:00]} 4. cxd5 {[%emt 0:00:11]} exd5 {[%emt 0:00:09]} 5. Bg5 {[%emt 0:00:05]} Be7 {[%emt 0:00:34]} 6. e3 {[%emt 0:00:05]} O-O {[%emt 0:01:01]} 7. Bd3 {[%emt 0:00:06]} c6 {[%emt 0:02:36]} 8. Qc2 {[%emt 0:00:35]} g6 {[%emt 0:06:30]} 9. Nf3 {[%emt 0:00:55]} Nh5 {[%emt 0:04:47]} 10. Bh6 {[%emt 0:01:48]} Re8 {[%emt 0:01:48]} 11. h3 {[%emt 0:00:19]} Bf8 {[%emt 0:11:21]} 12. Bg5 {[%emt 0:04:51]} Be7 {[%emt 0:07:46]} 13. g4 {[%emt 0:00:15]} Ng7 {[%emt 0:04:31]} 14. Bh6 {[%emt 0:00:13]} Rf8 {[%emt 0:06:59]} 15. O-O-O {[%emt 0:01:01]} f5 {[%emt 0:03:18]} 16. Ne5 {[%emt 0:00:25]} Bg5 {[%emt 0:09:29]} 17. Bxg7 {[%emt 0:02:29]} Kxg7 {[%emt 0:00:07]} 18. h4 {[%emt 0:00:23]} Bf6 {[%emt 0:01:43]} 19. h5 {[%emt 0:02:23]} Bxe5 {[%emt 0:01:15]} 20. dxe5 {[%emt 0:03:07]} fxg4 {[%emt 0:00:57]} 21. hxg6 {[%emt 0:00:07]} h6 {[%emt 0:00:14]} 22. f4 {[%emt 0:00:09]} gxf3 {[%emt 0:02:58]} 23. Rxh6 {[%emt 0:00:38]} Rh8 {[%emt 0:00:18]} 24. Rh7+ {[%emt 0:00:38]} Rxh7 {[%emt 0:00:06]} 25. gxh7 {[%emt 0:00:03]} Be6 {[%emt 0:01:48]} 26. Bf5 {[%emt 0:00:30]} Qe7 {[%emt 0:09:11]} 27. Bxe6 {[%emt 0:01:42]} 1-0